| 000 | 01442cam a22003014a 4500 | ||
|---|---|---|---|
| 001 | 13858698 | ||
| 003 | ARRUPE | ||
| 005 | 20160401153556.0 | ||
| 008 | 050202s2005 mnu b 001 0 eng | ||
| 010 | _a 2005002928 | ||
| 020 | _a0814630235 (pbk. : alk. paper) | ||
| 020 | _a9780814630235 (pbk. : alk. paper) | ||
| 040 |
_aDLC _cDLC _dDLC |
||
| 042 | _apcc | ||
| 050 | 0 | 0 |
_aBT767.5 _b.P48 2005 |
| 082 | 0 | 0 |
_a234 _222 |
| 100 | 1 |
_aPhilibert, Paul J. _923478 |
|
| 245 | 1 | 4 |
_aThe priesthood of the faithful : _bkey to a living church / _cPaul J. Philibert. |
| 260 |
_aCollegeville, Minn. : _bLiturgical Press, _cc2005. |
||
| 300 |
_aviii, 173 p. ; _c23 cm. |
||
| 504 | _aIncludes bibliographical references and index. | ||
| 505 | 0 | _aA timely discussion -- Chosen to live -- Living, holy signs -- A priesthood embracing Christ's body -- People who speak for the spirit -- Hearts set on the kingdom of God -- Lives lifted in praise -- An intentional symbolic life. | |
| 520 | _a"Explores the doctrine of the priesthood of the baptized and examines its significance for the spiritual growth of the faithful and the revitalization of the church"--Provided by publisher. | ||
| 650 | 0 |
_aPriesthood, Universal. _9906 |
|
| 906 |
_a7 _bcbc _corignew _d1 _eecip _f20 _gy-gencatlg |
||
| 942 |
_2lcc _cMONOGRAPH |
||
| 999 |
_c124510 _d124510 |
||